000 00499nam a2200181Ia 4500
001 25113
005 20260414151128.0
008 260414t2012||||xx |||||||||||||| ||spa||
041 _aESP
082 _a346.2
_bV917 T. 1
100 _aVarsi Rospigliosi, Enrique
_eAUT
245 0 _aTratado de derecho de familia :
_bla nueva teoría institucional y jurídica de la familia
260 _c2012
300 _a511 páginas :
_c24 cm.
650 _aDER
654 _aCDE
942 _cLIB
_dJUS
_fJUS
_2ddc
_n
999 _c25113
_d25113